[Event "GBR-ch 103th"]
[Site "Bournemouth"]
[Date "2016.08.04"]
[Round "10.2"]
[White "Pert, Nicholas"]
[Black "Howell, David WL"]
[Result "0-1"]
[WhiteElo "2570"]
[BlackElo "2663"]
[PlyCount "70"]
[EventDate "2016.07.25"]
[EventType "swiss"]
[EventRounds "11"]
[EventCountry "GBR"]

1. e4 e5 2. Nf3 Nc6 3. Bc4 Nf6 4. d4 exd4 5. e5 d5 6. Bb5 Ne4 7. Nxd4 Bd7 8.
Bxc6 bxc6 9. O-O c5 10. Ne2 Bc6 11. f3 Ng5 12. f4 Ne4 13. Nbc3 f5 14. Nxe4 fxe4
15. f5 Qe7 16. Bf4 O-O-O 17. Qd2 d4 18. Bg5 Qxe5 19. Bxd8 Bd6 20. Qf4 Rxd8 21.
Rad1 Bb5 22. Qxe5 Bxe5 23. Rfe1 c4 24. c3 c5 25. Ng3 Bxg3 26. hxg3 e3 27. b3 h5
28. Rc1 a5 29. cxd4 cxd4 30. a4 Ba6 31. bxc4 Kc7 32. Kf1 Bc8 33. Rb1 Bxf5 34.
Ke2 d3+ 35. Kxe3 d2 0-1

[Event "GBR-ch 103th"]
[Site "Bournemouth"]
[Date "2016.08.04"]
[Round "10.3"]
[White "Arkell, Keith C"]
[Black "Tan, Justin"]
[Result "1/2-1/2"]
[WhiteElo "2455"]
[BlackElo "2438"]
[PlyCount "83"]
[EventDate "2016.07.25"]
[EventType "swiss"]
[EventRounds "11"]
[EventCountry "GBR"]

1. d4 Nf6 2. Nf3 e6 3. c3 c5 4. Bg5 b6 5. e4 h6 6. Bxf6 Qxf6 7. Bd3 Bb7 8. O-O
Qd8 9. Re1 Be7 10. Qe2 O-O 11. d5 Re8 12. c4 Bf8 13. Nc3 exd5 14. cxd5 d6 15.
h4 Nd7 16. Ba6 Bxa6 17. Qxa6 Be7 18. g3 Bf6 19. Kg2 Re7 20. a4 Qe8 21. Nd2 Bxc3
22. bxc3 Nf6 23. Qd3 Ng4 24. f3 Ne5 25. Qb5 Qd8 26. Nc4 Nxc4 27. Qxc4 Qd7 28.
Qb5 Qc7 29. Re2 Rae8 30. Rae1 Qb7 31. a5 bxa5 32. Qxb7 Rxb7 33. Ra1 Rb3 34.
Rxa5 Rxc3 35. Rxa7 f5 36. Rd7 Rc4 37. Ra2 fxe4 38. Raa7 Rc2+ 39. Kh3 e3 40.
Rxg7+ Kh8 41. Rh7+ Kg8 42. Rag7+ 1/2-1/2

[Event "GBR-ch 103th"]
[Site "Bournemouth"]
[Date "2016.08.04"]
[Round "10.4"]
[White "Houska, Jovanka"]
[Black "Emms, John M"]
[Result "0-1"]
[WhiteElo "2386"]
[BlackElo "2467"]
[PlyCount "116"]
[EventDate "2016.07.25"]
[EventType "swiss"]
[EventRounds "11"]
[EventCountry "GBR"]

1. d4 Nf6 2. Nf3 g6 3. c4 Bg7 4. g3 O-O 5. Bg2 d6 6. O-O Nc6 7. Nc3 e5 8. dxe5
dxe5 9. Bg5 Be6 10. Qa4 Qe8 11. Bxf6 Bxf6 12. Nd2 Nd4 13. Qxe8 Rfxe8 14. e3 Nc6
15. Nd5 Bd8 16. Ne4 Kg7 17. Nc5 Bc8 18. b4 Rb8 19. b5 Na5 20. Nb3 c6 21. Nc3
Be6 22. Rfd1 Bb6 23. Nxa5 Bxa5 24. Ne4 cxb5 25. cxb5 Rec8 26. Nd6 Rc7 27. Rac1
Rd7 28. Bf3 f5 29. e4 Kf6 30. Be2 Rbd8 31. exf5 gxf5 32. b6 Bxb6 33. Nb5 Rxd1+
34. Bxd1 Bxa2 35. Kf1 Bf7 36. Be2 e4 37. f3 exf3 38. Bxf3 Rd2 39. Be2 Ke7 40.
Na3 Rd4 41. Nc4 Bxc4 42. Bxc4 Kd6 43. Be2 Bc5 44. Kg2 a5 45. Kf3 a4 46. Bc4 a3
47. Ke2 b6 48. Rc3 Ke5 49. h3 h6 50. Ba2 Rb4 51. Rc2 Bd4 52. Kf3 Rb2 53. Rxb2
Bxb2 54. Ke3 Bd4+ 55. Kd3 Bf2 56. g4 f4 57. Ke2 Bh4 58. Kd3 f3 0-1

[Event "GBR-ch 103th"]
[Site "Bournemouth"]
[Date "2016.08.04"]
[Round "10.5"]
[White "Hebden, Mark L"]
[Black "Jones, Gawain CB"]
[Result "1/2-1/2"]
[WhiteElo "2509"]
[BlackElo "2650"]
[PlyCount "109"]
[EventDate "2016.07.25"]
[EventType "swiss"]
[EventRounds "11"]
[EventCountry "GBR"]

1. d4 Nf6 2. Nf3 g6 3. Nc3 d5 4. Bf4 Bg7 5. Qd2 O-O 6. Bh6 Bxh6 7. Qxh6 c5 8.
e3 cxd4 9. exd4 Nc6 10. O-O-O Bg4 11. h4 Bh5 12. Bd3 Qd6 13. Rhg1 Nb4 14. Qd2
Rac8 15. Kb1 Nxd3 16. Qxd3 Bg4 17. Rc1 Bxf3 18. Qxf3 Rc4 19. Ne2 e5 20. Rgd1
Re8 21. c3 e4 22. Qf4 Qa6 23. Rc2 b5 24. Nc1 b4 25. cxb4 Rxc2 26. Kxc2 e3 27.
Kb1 Re4 28. Qb8+ Re8 29. Qf4 Qa4 30. b3 Qc6 31. b5 Qb6 32. a4 exf2 33. Qxf2 Ne4
34. Qc2 Re6 35. Na2 a6 36. bxa6 Rc6 37. Qb2 Rf6 38. Qc2 Rf2 39. Qc8+ Kg7 40.
Qb7 Qd6 41. Qb4 Qxa6 42. Nc3 Qc8 43. Rc1 Qf5 44. Nxe4 Qxe4+ 45. Ka1 Qe3 46. Qe1
Re2 47. Qc3 Qf2 48. Kb1 Qxh4 49. Rc2 Qh1+ 50. Kb2 Rxg2 51. a5 Rxc2+ 52. Qxc2
Qf1 53. Qc6 Qf2+ 54. Qc2 Qf1 55. Qc6 1/2-1/2

[Event "GBR-ch 103th"]
[Site "Bournemouth"]
[Date "2016.08.04"]
[Round "10.6"]
[White "Eggleston, David J"]
[Black "Ward, Chris G"]
[Result "1/2-1/2"]
[WhiteElo "2376"]
[BlackElo "2437"]
[PlyCount "59"]
[EventDate "2016.07.25"]
[EventType "swiss"]
[EventRounds "11"]
[EventCountry "GBR"]

1. e4 e6 2. d4 d5 3. Nc3 Nf6 4. Bg5 dxe4 5. Nxe4 Be7 6. Bxf6 gxf6 7. Nf3 f5 8.
Nc3 Qd6 9. g3 Nc6 10. Nb5 Qd7 11. d5 a6 12. dxc6 Qxd1+ 13. Rxd1 axb5 14. Bxb5
O-O 15. a4 bxc6 16. Bxc6 Rb8 17. Bb5 c6 18. Bd3 Rxb2 19. O-O Bf6 20. Rfe1 Ra2
21. Ne5 c5 22. Bb5 Rxc2 23. Nc6 c4 24. Rc1 Rxc1 25. Rxc1 c3 26. a5 Bb7 27. a6
Ba8 28. a7 Rc8 29. Rxc3 Bxc6 30. Bxc6 1/2-1/2

[Event "GBR-ch 103th"]
[Site "Bournemouth"]
[Date "2016.08.04"]
[Round "10.7"]
[White "Batchelor, Peter J"]
[Black "Palliser, Richard JD"]
[Result "1/2-1/2"]
[WhiteElo "2341"]
[BlackElo "2422"]
[PlyCount "75"]
[EventDate "2016.07.25"]
[EventType "swiss"]
[EventRounds "11"]
[EventCountry "GBR"]

1. Nf3 Nf6 2. d4 e6 3. c4 c5 4. Nc3 cxd4 5. Nxd4 Bb4 6. g3 O-O 7. Bg2 d5 8.
cxd5 Nxd5 9. Bd2 Bxc3 10. bxc3 e5 11. Nc2 Nc6 12. O-O Be6 13. Nb4 Rc8 14. Nxd5
Bxd5 15. Bg5 Qxg5 16. Qxd5 Qe7 17. Rfd1 Rc7 18. Rd3 Rd8 19. Qb5 Rxd3 20. exd3
g6 21. a4 Qd6 22. h4 Nd8 23. c4 Nc6 24. Bxc6 bxc6 25. Qb8+ Kg7 26. c5 Qd4 27.
Qxc7 Qxa1+ 28. Kg2 Qxa4 29. Qxe5+ Kf8 30. d4 a5 31. d5 cxd5 32. Qxd5 Qe8 33.
Qd6+ Qe7 34. Qb8+ Qe8 35. Qd6+ Qe7 36. Qd5 a4 37. c6 a3 38. c7 1/2-1/2

[Event "GBR-ch 103th"]
[Site "Bournemouth"]
[Date "2016.08.04"]
[Round "10.8"]
[White "Brown, Martin"]
[Black "Payne, Matthew J"]
[Result "1-0"]
[WhiteElo "2252"]
[BlackElo "2040"]
[PlyCount "55"]
[EventDate "2016.07.25"]
[EventType "swiss"]
[EventRounds "11"]
[EventCountry "GBR"]

1. e4 e6 2. d4 d5 3. Nd2 Nc6 4. Ngf3 Nf6 5. e5 Nd7 6. c3 f6 7. Bb5 fxe5 8. dxe5
Be7 9. Nd4 Ndxe5 10. f4 a6 11. Qh5+ Kd7 12. Bxc6+ Nxc6 13. N2f3 Bf6 14. O-O Qe8
15. Qh3 Kd8 16. Nxc6+ bxc6 17. Ne5 Bxe5 18. fxe5 Bd7 19. Qh4+ Kc8 20. Be3 Rb8
21. Qa4 Kb7 22. Bc5 Bc8 23. Rf4 Ka8 24. Raf1 Qg6 25. Rf7 Qe4 26. Qxc6+ Bb7 27.
Rxc7 Qc4 28. Qb6 1-0

[Event "GBR-ch 103th"]
[Site "Bournemouth"]
[Date "2016.08.04"]
[Round "10.9"]
[White "Zhang, Anthony Y"]
[Black "Fodor, Tamas Jr"]
[Result "0-1"]
[WhiteElo "2149"]
[BlackElo "2505"]
[PlyCount "92"]
[EventDate "2016.07.25"]
[EventType "swiss"]
[EventRounds "11"]
[EventCountry "GBR"]

1. Nf3 d5 2. g3 Nc6 3. d4 Bf5 4. Bg2 Qd7 5. a3 Bh3 6. Bxh3 Qxh3 7. c4 dxc4 8.
Qa4 e6 9. Nc3 Bd6 10. Ne4 Nge7 11. Qxc4 O-O 12. Neg5 Qh5 13. h3 h6 14. Ne4 Rfd8
15. b4 b5 16. Qc2 a5 17. Nc3 axb4 18. g4 Qg6 19. Qxg6 Nxg6 20. Nxb5 bxa3 21.
Nxd6 Rxd6 22. Rxa3 Rad8 23. e3 e5 24. O-O exd4 25. exd4 Nxd4 26. Nxd4 Rxd4 27.
Rc3 R8d7 28. Be3 Rd1 29. Rxd1 Rxd1+ 30. Kg2 Rd7 31. Kf3 Ne7 32. Rc5 f6 33. h4
Kf7 34. g5 hxg5 35. hxg5 f5 36. Ra5 Kg6 37. Ra6+ Kh5 38. Re6 Ng6 39. Re8 f4 40.
Bc1 Kxg5 41. Ke4 c5 42. Bb2 Rd2 43. Rb8 Rxf2 44. Bxg7 Re2+ 45. Kf3 Rc2 46. Rb5
Kf5 0-1

[Event "GBR-ch 103th"]
[Site "Bournemouth"]
[Date "2016.08.04"]
[Round "10.10"]
[White "Kolbus, Dietmar"]
[Black "Storey, Charles H"]
[Result "0-1"]
[WhiteElo "2315"]
[BlackElo "2256"]
[PlyCount "170"]
[EventDate "2016.07.25"]
[EventType "swiss"]
[EventRounds "11"]
[EventCountry "GBR"]

1. c4 e5 2. g3 Nc6 3. Bg2 g6 4. Nc3 Bg7 5. Nf3 d6 6. d3 f5 7. O-O Nf6 8. Rb1 h6
9. b4 g5 10. b5 Ne7 11. e4 f4 12. d4 Ng6 13. dxe5 Ng4 14. c5 N4xe5 15. Nxe5
Bxe5 16. Qh5 Kf7 17. Nd5 Kg7 18. Rd1 Be6 19. cxd6 cxd6 20. Bh3 Bxh3 21. Qxh3
Qc8 22. Qxc8 Raxc8 23. b6 a6 24. Nc7 Kf7 25. Ba3 Rhd8 26. Rb3 Rd7 27. Rbd3 Ne7
28. Kg2 Rg8 29. g4 h5 30. h3 Rh8 31. f3 Nc6 32. Rd5 Ke7 33. R1d3 hxg4 34. fxg4
Rh6 35. Kf1 Rd8 36. Rb3 Kd7 37. Rbd3 Rf8 38. h4 gxh4 39. g5 Rg6 40. Rh3 Rh8 41.
Bc5 Rh5 42. Bf2 Rgxg5 43. Rxh4 Rxh4 44. Bxh4 Rg4 45. Bf2 f3 46. Rd3 Rxe4 47.
Rxf3 Rf4 48. Rxf4 Bxf4 49. Ke2 Ne5 50. Bd4 Bg5 51. Bxe5 dxe5 52. Kd3 Kc6 53.
Ke4 Bf4 54. Na8 Kc5 55. Kd3 Bh2 56. Ke4 a5 57. Kd3 Bg1 58. Nc7 Kxb6 59. Nd5+
Kc5 60. Nc3 Bd4 61. Ne4+ Kb4 62. Kc2 b6 63. Kb1 Kc4 64. Kc2 Bc5 65. Kd2 Kd4 66.
Ng5 e4 67. Ne6+ Kc4 68. Nf4 e3+ 69. Kc2 Bb4 70. Ne2 Bd2 71. Ng3 Kb4 72. Ne2 Ka3
73. Kb1 a4 74. Nd4 Kb4 75. Ne2 Kc4 76. Kc2 b5 77. a3 Ba5 78. Nc1 Bc7 79. Ne2
Bd6 80. Kb2 Kd3 81. Ng1 e2 82. Nxe2 Kxe2 83. Ka2 Kd3 84. Kb2 Kc4 85. Ka2 Kc3
0-1

[Event "GBR-ch 103th"]
[Site "Bournemouth"]
[Date "2016.08.04"]
[Round "10.11"]
[White "Osborne, Marcus E"]
[Black "Wells, Peter K"]
[Result "0-1"]
[WhiteElo "2244"]
[BlackElo "2419"]
[PlyCount "108"]
[EventDate "2016.07.25"]
[EventType "swiss"]
[EventRounds "11"]
[EventCountry "GBR"]

1. e4 e5 2. Nf3 Nc6 3. Bb5 a6 4. Ba4 Nf6 5. O-O Be7 6. Re1 b5 7. Bb3 d6 8. c3
O-O 9. d4 Bg4 10. Be3 exd4 11. cxd4 Na5 12. Bc2 Nc4 13. Bc1 c5 14. b3 Na5 15.
d5 Nd7 16. Bb2 Bf6 17. Bxf6 Qxf6 18. Nbd2 Ne5 19. Re3 c4 20. h3 Bxf3 21. Nxf3
b4 22. Nxe5 Qxe5 23. g3 Rfc8 24. f4 Qf6 25. e5 dxe5 26. Rxe5 cxb3 27. axb3 Rc3
28. Qe1 g6 29. Rxa5 Qb6+ 30. Kh1 Qxa5 31. d6 Qd8 32. Be4 Rac8 33. Qd2 Qd7 34.
f5 Qa7 35. d7 Rc1+ 36. Kg2 Qg1+ 37. Kf3 R8c3+ 38. Bd3 Qd4 39. Re8+ Kg7 40. Ke2
Qxd7 41. f6+ Kxf6 42. Qf4+ Kg7 43. Qe5+ f6 44. Re7+ Kg8 45. Qb8+ Rc8 46. Qxb4
Re1+ 47. Kxe1 Qxd3 48. Rg7+ Kxg7 49. Qb7+ Kh6 50. Qxc8 Qxg3+ 51. Ke2 Qxb3 52.
Qxa6 f5 53. h4 f4 54. Qf6 Qe3+ 0-1

[Event "GBR-ch 103th"]
[Site "Bournemouth"]
[Date "2016.08.04"]
[Round "10.12"]
[White "Fallowfield, Jeremy R"]
[Black "Claridge-Hansen, William"]
[Result "0-1"]
[WhiteElo "2109"]
[BlackElo "2299"]
[PlyCount "60"]
[EventDate "2016.07.25"]
[EventType "swiss"]
[EventRounds "11"]
[EventCountry "GBR"]

1. e4 d5 2. exd5 Qxd5 3. Nc3 Qd6 4. d4 Nf6 5. Nf3 c6 6. h3 Bf5 7. Ne5 Nbd7 8.
Nc4 Qc7 9. Qf3 e6 10. Bf4 Qd8 11. O-O-O Nd5 12. Nd6+ Bxd6 13. Bxd6 Qa5 14. Nxd5
cxd5 15. Qb3 Rc8 16. c3 Rc6 17. Bb4 Qc7 18. g3 a6 19. Bg2 a5 20. Ba3 b5 21.
Rhe1 b4 22. Bxd5 Rb6 23. g4 bxa3 24. Qxa3 Bg6 25. Bb3 Ra6 26. Ba4 Rd6 27. Bxd7+
Rxd7 28. d5 Qf4+ 29. Rd2 Rxd5 30. Ree2 h5 0-1

[Event "GBR-ch 103th"]
[Site "Bournemouth"]
[Date "2016.08.04"]
[Round "10.13"]
[White "Hand, Freddie"]
[Black "Duncan, Chris R"]
[Result "0-1"]
[WhiteElo "2062"]
[BlackElo "2292"]
[PlyCount "36"]
[EventDate "2016.07.25"]
[EventType "swiss"]
[EventRounds "11"]
[EventCountry "GBR"]

1. d4 d5 2. c4 c6 3. Nf3 Nf6 4. Nc3 dxc4 5. a4 Bf5 6. Ne5 Nbd7 7. Nxc4 Nb6 8.
Ne5 a5 9. Bg5 h6 10. Bh4 e6 11. e4 Bh7 12. Nf3 Bb4 13. e5 g5 14. Nxg5 Nfd5 15.
Nf3 Nxc3 16. bxc3 Bxc3+ 17. Ke2 Qd5 18. Nd2 Bxd2 0-1

[Event "GBR-ch 103th"]
[Site "Bournemouth"]
[Date "2016.08.04"]
[Round "10.14"]
[White "Gill, Oliver"]
[Black "Willmoth, Robert F"]
[Result "0-1"]
[WhiteElo "2102"]
[BlackElo "2189"]
[PlyCount "68"]
[EventDate "2016.07.25"]
[EventType "swiss"]
[EventRounds "11"]
[EventCountry "GBR"]

1. e4 e6 2. d4 d5 3. Bd3 dxe4 4. Bxe4 Nf6 5. Bf3 c5 6. Ne2 Nc6 7. Be3 cxd4 8.
Nxd4 Ne5 9. Nc3 a6 10. Qe2 Nxf3+ 11. Qxf3 e5 12. Nf5 Qc7 13. O-O-O Be6 14. Bg5
Rc8 15. Nxg7+ Bxg7 16. Bxf6 e4 17. Qxe4 Bxf6 18. Nd5 Qe5 19. Qb4 a5 20. Qa3
Bxd5 21. Rhe1 Be4 22. Re2 Rxc2+ 23. Rxc2 Bxc2 24. Kxc2 Be7 25. Qa4+ b5 26. Qg4
f5 27. Qh5+ Kf8 28. Rd7 Qe4+ 29. Kd2 Bb4+ 30. Kd1 Qb1+ 31. Ke2 Qe1+ 32. Kf3
Qe4+ 33. Kg3 Rg8+ 34. Kh3 Qxg2+ 0-1

[Event "GBR-ch 103th"]
[Site "Bournemouth"]
[Date "2016.08.04"]
[Round "10.15"]
[White "Oyama, Akito"]
[Black "Bridge, Neil A"]
[Result "1-0"]
[WhiteElo "2183"]
[BlackElo "2044"]
[PlyCount "79"]
[EventDate "2016.07.25"]
[EventType "swiss"]
[EventRounds "11"]
[EventCountry "GBR"]

1. d4 Nf6 2. Nf3 g6 3. Bf4 Bg7 4. Nbd2 d5 5. c3 O-O 6. e3 c5 7. Bd3 Nc6 8. Ne5
Nh5 9. Nxc6 bxc6 10. Bg5 cxd4 11. cxd4 c5 12. g4 Nf6 13. Bxf6 Bxf6 14. g5 Bg7
15. dxc5 Rb8 16. Rb1 e5 17. h4 e4 18. Be2 f5 19. f4 exf3 20. Bxf3 f4 21. Nb3 d4
22. exd4 Re8+ 23. Kf2 Re3 24. d5 Bf5 25. d6 Qe8 26. Qd5+ Be6 27. Qd1 Bf5 28.
Rc1 Rd3 29. Qe2 Re3 30. Qc4+ Kh8 31. Rhe1 h5 32. Qxf4 Rxf3+ 33. Qxf3 Qa4 34.
Qg3 Rb4 35. Re3 Qxa2 36. Rce1 Qa4 37. d7 Qxd7 38. Re8+ Kh7 39. R1e7 Qa4 40.
Rxg7+ 1-0

[Event "GBR-ch 103th"]
[Site "Bournemouth"]
[Date "2016.08.04"]
[Round "10.16"]
[White "Moreby, James E"]
[Black "Taylor, Adam A"]
[Result "1/2-1/2"]
[WhiteElo "2040"]
[BlackElo "2168"]
[PlyCount "45"]
[EventDate "2016.07.25"]
[EventType "swiss"]
[EventRounds "11"]
[EventCountry "GBR"]

1. e4 c5 2. Nf3 Nc6 3. d4 cxd4 4. Nxd4 e5 5. Nb5 d6 6. c4 Be7 7. N1c3 a6 8. Na3
Be6 9. Be2 Bg5 10. O-O Bxc1 11. Rxc1 Nge7 12. Nc2 Rc8 13. Qd2 O-O 14. Rfd1 Qb6
15. Na4 Qa5 16. Qxa5 Nxa5 17. Ne3 Rfd8 18. Nb6 Rb8 19. Ned5 Kf8 20. f4 Nac6 21.
Nxe7 Kxe7 22. f5 Bd7 23. Bg4 1/2-1/2

[Event "GBR-ch 103th"]
[Site "Bournemouth"]
[Date "2016.08.04"]
[Round "10.17"]
[White "Graham, David B"]
[Black "Menadue, Jeremy FS"]
[Result "1-0"]
[WhiteElo "2152"]
[BlackElo "2034"]
[PlyCount "121"]
[EventDate "2016.07.25"]
[EventType "swiss"]
[EventRounds "11"]
[EventCountry "GBR"]

1. e4 Nf6 2. e5 Nd5 3. Nc3 Nxc3 4. dxc3 d6 5. Nf3 Nc6 6. Bb5 Bd7 7. Qe2 e6 8.
Bg5 Be7 9. h4 a6 10. exd6 cxd6 11. Bd3 d5 12. Bxe7 Qxe7 13. Ne5 Nxe5 14. Qxe5
f6 15. Qg3 O-O-O 16. O-O-O e5 17. Rhe1 Be6 18. f4 e4 19. Bf1 f5 20. Rd4 Kb8 21.
Red1 g6 22. Qf2 Qc7 23. Rb4 Rd6 24. g3 Rc8 25. Qd4 Qc5 26. Qg7 Rc7 27. Qe5 Ka7
28. Qd4 Rb6 29. Qxc5 Rxc5 30. Rbd4 Rbc6 31. Be2 h5 32. Re1 b5 33. Kd2 a5 34. a3
a4 35. Bf1 Kb6 36. Re3 Rc8 37. Rb4 Ka5 38. Re1 Rd8 39. Ke3 d4+ 40. cxd4 Rcd5
41. Rd1 Bd7 42. c4 bxc4 43. Bxc4 Rd6 44. Rc1 Rc8 45. Rc3 Rb6 46. Rxb6 Kxb6 47.
Bf7 Rf8 48. Bxg6 Rg8 49. Bxh5 Rxg3+ 50. Kf2 Rg7 51. Be2 Bb5 52. Bxb5 Kxb5 53.
Rc5+ Ka6 54. h5 Rb7 55. h6 Rxb2+ 56. Kg3 Rb3+ 57. Kh4 Rxa3 58. h7 Ra1 59. Rc3
Rh1+ 60. Rh3 Rxh3+ 61. Kxh3 1-0

[Event "GBR-ch 103th"]
[Site "Bournemouth"]
[Date "2016.08.04"]
[Round "10.18"]
[White "Bicknell, Carl"]
[Black "Lentzos, Ioannis"]
[Result "0-1"]
[WhiteElo "2121"]
[BlackElo "2016"]
[PlyCount "68"]
[EventDate "2016.07.25"]
[EventType "swiss"]
[EventRounds "11"]
[EventCountry "GBR"]

1. e4 c6 2. d4 d5 3. e5 Bf5 4. Nf3 e6 5. Be2 Nd7 6. O-O Be7 7. Nbd2 Nh6 8. Re1
Bg6 9. b3 O-O 10. Bb2 Nf5 11. c4 Re8 12. c5 f6 13. b4 fxe5 14. dxe5 b6 15. cxb6
axb6 16. g4 Nh6 17. Nd4 Nxe5 18. Nxe6 Qd6 19. Nxg7 Kxg7 20. f4 Nhf7 21. fxe5
Nxe5 22. Bf1 Bf6 23. g5 Nf3+ 24. Nxf3 Bxb2 25. Qb3 Bxa1 26. Rxa1 Qf4 27. Bg2
Qe3+ 28. Qxe3 Rxe3 29. Rc1 Rxa2 30. Rxc6 Be4 31. Rf6 Bxf3 32. Rxf3 Rxf3 33.
Bxf3 d4 34. b5 Rb2 0-1

[Event "GBR-ch 103th"]
[Site "Bournemouth"]
[Date "2016.08.04"]
[Round "10.19"]
[White "Shaw, Peter"]
[Black "Harvey, Marcus R"]
[Result "1/2-1/2"]
[WhiteElo "2143"]
[BlackElo "2324"]
[PlyCount "115"]
[EventDate "2016.07.25"]
[EventType "swiss"]
[EventRounds "11"]
[EventCountry "GBR"]

1. d4 Nf6 2. c4 e6 3. Nf3 Bb4+ 4. Bd2 Qe7 5. g3 O-O 6. Bg2 Bxd2+ 7. Qxd2 d6 8.
Nc3 e5 9. O-O Re8 10. e4 Bg4 11. Ne1 exd4 12. Qxd4 Qe5 13. Qd2 Nc6 14. Nc2 Qc5
15. b3 a6 16. Ne3 Qd4 17. Qxd4 Nxd4 18. f3 Be6 19. Ncd5 Bxd5 20. cxd5 c5 21.
dxc6 bxc6 22. Rfd1 c5 23. b4 Ne2+ 24. Kf2 Nc3 25. Rxd6 cxb4 26. Ke1 Red8 27.
Rxd8+ Rxd8 28. Bf1 a5 29. Nd1 Rxd1+ 30. Rxd1 Nxd1 31. Kxd1 Nd7 32. Kd2 a4 33.
f4 Nc5 34. e5 Kf8 35. Bc4 Ke7 36. Ke3 Nb7 37. Bd5 Na5 38. Kd3 f6 39. h4 fxe5
40. fxe5 h6 41. Kd4 a3 42. Kc5 b3 43. Kb4 bxa2 44. Bxa2 Nc6+ 45. Kxa3 Nxe5 46.
Kb4 Nf7 47. Bxf7 Kxf7 48. Kc4 Kg6 49. Kd4 Kf5 50. Ke3 Kg4 51. Kf2 Kh3 52. Kf3
g6 53. Kf2 Kh2 54. Kf3 Kg1 55. Kf4 Kh2 56. Kf3 Kh3 57. Kf2 Kh2 58. Kf3 1/2-1/2

[Event "GBR-ch 103th"]
[Site "Bournemouth"]
[Date "2016.08.04"]
[Round "10.20"]
[White "Mason, Donald J"]
[Black "Hill, Alistair"]
[Result "1/2-1/2"]
[WhiteElo "2143"]
[BlackElo "2257"]
[PlyCount "44"]
[EventDate "2016.07.25"]
[EventType "swiss"]
[EventRounds "11"]
[EventCountry "GBR"]

1. d4 Nf6 2. c4 g6 3. Nc3 d5 4. cxd5 Nxd5 5. Bd2 Bg7 6. e4 Nxc3 7. Bxc3 O-O 8.
Qd2 Nc6 9. d5 Ne5 10. O-O-O e6 11. f4 Ng4 12. Bxg7 Kxg7 13. h3 Nf6 14. g4 Kg8
15. Bg2 Qe7 16. d6 cxd6 17. Qxd6 Qxd6 18. Rxd6 Ne8 19. Rd2 e5 20. f5 b6 21. Ne2
Bb7 22. Nc3 Nf6 1/2-1/2

[Event "GBR-ch 103th"]
[Site "Bournemouth"]
[Date "2016.08.04"]
[Round "10.21"]
[White "Kalavannan, Koby"]
[Black "Asenov, Pavel"]
[Result "0-1"]
[WhiteElo "2131"]
[BlackElo "2250"]
[PlyCount "84"]
[EventDate "2016.07.25"]
[EventType "swiss"]
[EventRounds "11"]
[EventCountry "GBR"]

1. d4 d5 2. Nf3 Nf6 3. c4 c6 4. Nbd2 Bf5 5. Nh4 Be6 6. e3 g6 7. Bd3 Bg7 8. O-O
O-O 9. b3 c5 10. Bb2 cxd4 11. Bxd4 Nc6 12. Bc3 Bg4 13. Nhf3 e5 14. Be2 Re8 15.
cxd5 Nxd5 16. Bb2 e4 17. Nd4 Nxd4 18. exd4 Bxe2 19. Qxe2 Nf4 20. Qe3 Nd3 21.
Bc3 Rc8 22. Nxe4 Rxc3 23. Qf3 Rxe4 24. Qxe4 Qxd4 25. Qe8+ Bf8 26. Rad1 Kg7 27.
Qe2 Qe5 28. Qg4 h5 29. Qa4 Nb2 30. Qd4 Qxd4 31. Rxd4 Nd3 32. Rd7 Nc5 33. Rc7
Bd6 34. Rc8 Rd3 35. g3 Rd2 36. Rd8 h4 37. Kg2 Ne4 38. gxh4 Rxa2 39. Re1 Rxf2+
40. Kh1 Rxh2+ 41. Kg1 Rxh4 42. Rxe4 Bc5+ 0-1

[Event "GBR-ch 103th"]
[Site "Bournemouth"]
[Date "2016.08.04"]
[Round "10.23"]
[White "Jones, Steven A"]
[Black "Longson, Sarah N"]
[Result "1-0"]
[WhiteElo "2186"]
[BlackElo "2117"]
[PlyCount "91"]
[EventDate "2016.07.25"]
[EventType "swiss"]
[EventRounds "11"]
[EventCountry "GBR"]

1. e4 e5 2. Nf3 Nc6 3. Bb5 a6 4. Ba4 Nf6 5. O-O b5 6. Bb3 Bc5 7. a4 Rb8 8. c3
d6 9. d4 Bb6 10. axb5 axb5 11. Na3 Bg4 12. Nxb5 O-O 13. Bc2 Bxf3 14. gxf3 Nh5
15. f4 Nxf4 16. Bxf4 exf4 17. Qg4 Qf6 18. Na3 Ne7 19. Nc4 Qe6 20. Qxe6 fxe6 21.
e5 d5 22. Nxb6 Rxb6 23. b4 Nf5 24. Ra7 Rc6 25. Bxf5 Rxf5 26. Rc1 f3 27. b5 Rc4
28. Ra6 Rg5+ 29. Kf1 Rg2 30. Rxe6 Rxh2 31. Kg1 Rg2+ 32. Kf1 Kf7 33. Rc6 Rxc6
34. bxc6 Rh2 35. Kg1 Rg2+ 36. Kf1 Rh2 37. Kg1 Rh6 38. Re1 g5 39. c4 dxc4 40. d5
Ke8 41. d6 Re6 42. Ra1 c3 43. d7+ Ke7 44. Ra8 c2 45. d8=Q+ Kf7 46. Qg8+ 1-0

[Event "GBR-ch 103th"]
[Site "Bournemouth"]
[Date "2016.08.04"]
[Round "10.24"]
[White "Rudd, Jack"]
[Black "Waddington, Mike P"]
[Result "1-0"]
[WhiteElo "2213"]
[BlackElo "2018"]
[PlyCount "73"]
[EventDate "2016.07.25"]
[EventType "swiss"]
[EventRounds "11"]
[EventCountry "GBR"]

1. d4 c5 2. d5 g6 3. c4 Bg7 4. Nc3 d6 5. e4 Nf6 6. Bd3 O-O 7. Nf3 e6 8. h3 exd5
9. cxd5 a6 10. a4 Nbd7 11. O-O Re8 12. Bf4 Qc7 13. Nd2 Ne5 14. Bxe5 Rxe5 15. f4
Re8 16. Nc4 Nd7 17. e5 dxe5 18. d6 Qd8 19. f5 Qh4 20. Ne4 Rb8 21. Ne3 b5 22.
axb5 Bb7 23. fxg6 hxg6 24. Ra4 Bxe4 25. Rxe4 Qg5 26. h4 Qh6 27. Bc4 Rf8 28.
bxa6 Nf6 29. Ng4 Nxg4 30. Qxg4 Kh7 31. Bxf7 Rxb2 32. h5 gxh5 33. Qf5+ Kh8 34.
Rh4 Qe3+ 35. Kh1 Qd2 36. Rxh5+ Bh6 37. Qf6+ 1-0

[Event "GBR-ch 103th"]
[Site "Bournemouth"]
[Date "2016.08.04"]
[Round "10.25"]
[White "Mitra, Roman C"]
[Black "Lyell, Mark"]
[Result "1-0"]
[WhiteElo "2073"]
[BlackElo "2238"]
[PlyCount "95"]
[EventDate "2016.07.25"]
[EventType "swiss"]
[EventRounds "11"]
[EventCountry "GBR"]

1. e4 d6 2. g3 e5 3. Bg2 Nc6 4. d3 f5 5. Ne2 Nf6 6. O-O Be7 7. f4 fxe4 8. dxe4
Be6 9. Nbc3 Qd7 10. f5 Bf7 11. Nd5 Bd8 12. c4 Ne7 13. Nxf6+ gxf6 14. Qc2 c6 15.
Kh1 d5 16. b3 d4 17. Qd3 h5 18. h3 Ng8 19. Bf3 Be7 20. Kg2 Bf8 21. Bd2 Bh6 22.
Nc1 O-O-O 23. Rf2 Be8 24. b4 Kb8 25. Nb3 Bxd2 26. Rxd2 Qg7 27. a4 Ne7 28. b5
Bd7 29. Kh2 Rhg8 30. Rg2 h4 31. g4 Qg5 32. Rb1 Bc8 33. Nc5 b6 34. bxc6 Qf4+ 35.
Kh1 Nxc6 36. a5 Nxa5 37. Ra2 Nxc4 38. Bg2 Nd6 39. Qa3 Rg7 40. Rxb6+ axb6 41.
Qa8+ Kc7 42. Ra7+ Bb7 43. Rxb7+ Kc6 44. Rc7+ Kxc7 45. Ne6+ Kd7 46. Qxd8+ Kc6
47. Nxf4 Rd7 48. Qa8+ 1-0

[Event "GBR-ch 103th"]
[Site "Bournemouth"]
[Date "2016.08.04"]
[Round "10.26"]
[White "Pleasants, Allan J"]
[Black "Nelson, Jonathan P"]
[Result "0-1"]
[WhiteElo "2038"]
[BlackElo "2207"]
[PlyCount "58"]
[EventDate "2016.07.25"]
[EventType "swiss"]
[EventRounds "11"]
[EventCountry "GBR"]

1. e4 e6 2. d4 d5 3. Nd2 Nf6 4. e5 Nfd7 5. Bd3 c5 6. c3 Nc6 7. Ne2 cxd4 8. cxd4
f6 9. exf6 Nxf6 10. Nf3 Bd6 11. O-O Qc7 12. Nc3 a6 13. Bg5 O-O 14. Rc1 Bd7 15.
Re1 Ng4 16. h3 Bh2+ 17. Kf1 Nxf2 18. Kxf2 Qg3+ 19. Ke3 h6 20. Bh4 Qxg2 21. Nxh2
Qxh2 22. Ne2 Qxh3+ 23. Bg3 Qg4 24. Rf1 Nb4 25. Rc7 Nxd3 26. Rxd7 Qe4+ 27. Kd2
Nxb2 28. Rxf8+ Rxf8 29. Qb3 Nc4+ 0-1

[Event "GBR-ch 103th"]
[Site "Bournemouth"]
[Date "2016.08.04"]
[Round "10.27"]
[White "Coleman, David J"]
[Black "Walker, Samuel A"]
[Result "0-1"]
[WhiteElo "2181"]
[BlackElo "2022"]
[PlyCount "70"]
[EventDate "2016.07.25"]
[EventType "swiss"]
[EventRounds "11"]
[EventCountry "GBR"]

1. e4 c5 2. Nf3 g6 3. d4 cxd4 4. Nxd4 Nc6 5. Nc3 Bg7 6. Be3 Nf6 7. Bc4 O-O 8.
Bb3 a5 9. O-O a4 10. Nxa4 Nxe4 11. Nb5 d5 12. c3 Ra6 13. Qe2 Re8 14. Rad1 e6
15. f3 Nd6 16. c4 Ne7 17. Bc5 Nxb5 18. cxb5 Ra8 19. Rfe1 Bd7 20. Nb6 Rb8 21. a4
d4 22. Qf2 e5 23. f4 Bg4 24. Rd2 Qc7 25. Rc2 Bf5 26. Rcc1 Qd8 27. fxe5 d3 28.
Rcd1 Nc8 29. Nxc8 Rxc8 30. Bd6 Qg5 31. Rd2 Bh6 32. Red1 Qe3 33. h3 Rc2 34. Bxc2
dxc2 35. Qxe3 Bxe3+ 0-1